000 00406nam a22001457a 4500
999 _c2714
_d2714
008 200313b ||||| |||| 00| 0 eng d
020 _a9780070187757
100 _92317
_aMurphy, Herta A.
245 1 0 _aEffective business communications
_cby Herta A. Murphy.
250 _a7th ed.
260 _aNew Delhi:
_bTata McGraw Hill,
_c2008.
300 _axx,619p.
650 0 _aBusiness Communication
942 _cBK